[Event "Sardinia World op-B"]
[Site "Orosei"]
[Date "2024.04.30"]
[Round "4"]
[White "Botez, Alexandra"]
[Black "Nardoni, Matteo"]
[Result "1-0"]
[WhiteElo "1970"]
[BlackElo "1926"]
[PlyCount "55"]
[EventDate "2024.04.27"]
[EventType "swiss"]
[EventRounds "9"]
[EventCountry "ITA"]
[SourceTitle "EXT 2025"]
[Source "ChessBase"]
[SourceDate "2024.10.14"]
[SourceVersion "1"]
[SourceVersionDate "2024.10.14"]
[SourceQuality "1"]

1. d4 Nf6 2. c4 g6 3. f3 Bg7 4. e4 d6 5. Nc3 0-0 6. Be3 Nbd7 7. Qd2 c5 8. Nge2 Qa5 9. 0-0-0 a6 10. dxc5 Nxc5 11. Nd4 Bd7 12. Kb1 Rab8 13. Nc2 Qc7 14. g4 h5 15. e5 dxe5 16. Bxc5 Qxc5 17. g5 Nh7 18. Qxd7 Nxg5 19. Ne4 Nxe4 20. fxe4 e6 21. Be2 Qf2 22. Qd2 f5 23. Rhg1 Rbd8 24. Qg5 Rxd1+ 25. Bxd1 Qxh2 26. Qxg6 Rf7 27. Bxh5 Re7 28. Rd1 1-0